Libro de Manuel

Novela política que describe la visión del autor respecto a los movimientos revolucionarios, la izquierda, la guerrilla y los militantes.

保存先:
書誌詳細
第一著者: Cortázar, Julio
フォーマット: 図書
言語:Undetermined
出版事項: Buenos Aires, Argentina Editorial Sudamericana 1973
主題:
タグ: タグ追加
タグなし, このレコードへの初めてのタグを付けませんか!

MARC

LEADER 00000nam a2200000Ia 4500
008 170316s9999 xx 000 0 und d
040 |a cru BVZT 
090 |a 860 C-43L 
100 |a Cortázar, Julio  |9 1364 
245 |a Libro de Manuel 
260 |a Buenos Aires, Argentina 
260 |b Editorial Sudamericana 
260 |c 1973 
300 |a 385 páginas 
520 |a Novela política que describe la visión del autor respecto a los movimientos revolucionarios, la izquierda, la guerrilla y los militantes.  
650 |a LITERATURA LATINOAMERICANA  |9 15 
999 |c 8544  |d 8544 
942 |c 15 D  |h 860 C-43L  |2 z